00321nam a2200085Ia 450000500170000000800410001708200160005810000220007424501390009620251222144747.0251222s9999||||xx |||||||||||||| ||spa|| a338.985/S47 aShimabukuro, Iris 0aObservatorios Socioeconómicos Laborales-OSEL: La Cooperación Público-Privada en las Experiencias de los OSEL de Lima Norte y Sur